|
|
|
|
| LEADER |
00000nab a2200000uu 4500 |
| 001 |
vtls011137031 |
| 003 |
SK-MaSNL |
| 005 |
20260303130827.0 |
| 008 |
230218|2004 xo |||||||||||||||||cze| |
| 015 |
|
|
|a SNBRB
|
| 035 |
|
|
|a (urnnbn)urn:nbn:sk:snk:ar-007spf
|
| 035 |
|
|
|a (uuid)5f7f31e6-956e-4209-b868-e4053351050f
|
| 035 |
|
|
|a urn:nbn:sk:snk-abapqw
|
| 040 |
|
|
|a SNKBUCL
|b slo
|c SNKBUCL
|e AACR2
|
| 041 |
0 |
|
|a cze
|
| 044 |
|
|
|a xo
|c SK
|
| 100 |
1 |
|
|a Nováková, D.
|4 aut
|9 787445
|
| 245 |
1 |
0 |
|a European Cataract Outcome Study - výsledky pětileté účasti
|c D. Nováková, P. Rozsíval
|
| 700 |
1 |
|
|a Rozsíval, P.
|4 aut
|9 1143586
|
| 773 |
0 |
|
|t Česká a slovenská oftalmologie : časopis České oftalmologické společnosti a Slovenské oftalmologické společnosti
|g Roč. 60, č. 5 (2004), s. 328-334
|
| 954 |
|
|
|a odborná, vedecká literatúra cudzojazyčná (svetová)
|2 lita
|
| 958 |
|
|
|a OND
|
| 958 |
|
|
|a EUIPO
|
| 958 |
|
|
|a article14
|
| 999 |
|
|
|c 1942178
|d 1944108
|